| 000 | 01170nam a22003857a 4500 | ||
|---|---|---|---|
| 003 | OSt | ||
| 005 | 20230816142741.0 | ||
| 008 | 221006b |||||||| |||| 00| 0 eng d | ||
| 040 | _cBiblioteca Lado V | ||
| 082 |
_a700 _bP419a |
||
| 100 |
_9270 _aPeña, Alfonso _eeditor |
||
| 245 | _aAndrómeda/ | ||
| 260 |
_bMedia and Editorial Projects Ltd. _c1987 _aCosta Rica |
||
| 300 |
_c21.5x28cm _a33p. |
||
| 490 |
_a21 _vVII |
||
| 505 | _tEL DORADO | ||
| 505 | _tEUNICE ODIO | ||
| 505 | _tCARTA SOBRE LA MODERNIDAD | ||
| 505 | _tCENTROAMERICA HOY | ||
| 505 | _tROBERTO SOSA | ||
| 505 | _tRELECTURA | ||
| 505 | _tLA ULTIMA HUIDA | ||
| 505 | _tLAS RUNAS | ||
| 505 | _tBECKET | ||
| 505 | _tLIBROS | ||
| 505 | _tNOTICIAS DEL MUNDO | ||
| 505 | _tPUBLICACIONES RECIBIDAS | ||
| 650 |
_2Tesauro de Arte & Arquitectura _aARTE _9703 |
||
| 650 |
_2Tesauro de Arte & Arquitectura _aLITERATURA |
||
| 650 |
_2Tesauro de Arte & Arquitectura _aCULTURA |
||
| 650 |
_2Tesauro de Arte & Arquitectura _aCOLECCION |
||
| 651 |
_2Tesauro de Arte & Arquitectura _aCOSTA RICA |
||
| 700 |
_aCerdaño, Rodolfo _eeditor |
||
| 942 |
_2ddc _c1 _h700 _iP419a _n0 |
||
| 999 |
_c4138 _d4138 |
||